Регионална библиотека "Любен Каравелов" - Русе

Urania Tierreich (Запис номер 60998)

MARC детайли
000 -Лидер
Контролно поле с фиксирана дължина nam a22 a 4500
003 - Код на организацията, давaща контролен номер
Контролно поле BLK
005 - Дата и час на последна редакция
Контролно поле 20210203082727.0
008 - Елементи от данни с фиксирана дължина
fixed length control field 180408b bul|||||r ||||||| ||bul||
010 ## - Наследен системен номер
LC control number KNG00065187000
040 ## - Източник на каталожния запис
Идентификатор на билиотеката - собственик на записа BLK
041 ## - Код за език
Код за езика на текст/звукозапис или на отделно заглавие Немски
Код за езика КДБФ Немски
080 ## - УДК
Текстов определител УДК Ботаника. Вж и 631/635, Ботанически резервати вж 502.7
УДК код - определител по УДК 58
УДК - код + определител 58
080 ## - УДК
Текстов определител УДК Безгръбначни животни, Invertebrata
УДК код - определител по УДК 592
УДК - код + определител 592
139 ## - Редно поле
Редна дума Urania Tierreich
245 10 - Сведения за заглавието
Заглавие Urania Tierreich
Подзаглавни данни In 6 Bd.
Том Bd. 2
Заглавие на том Wirbellose Tiere : Annelida bis Chaetognatha
260 ## - Област на издателските данни
Място на издаване, разпространение и проч. Leipzig et al.
Име на издателя, разпространителя и проч. Urania
Година на издаване 1968 -
300 ## - Физическа характеристика
Размери/Мащаб 27 см
380 ## - Жанр
Жанр Естествени науки. Математика
760 1# - Описание на основната серия
Място на издаване, издател и година 1972
Страници - том 623 с.
Заглавие Bd. 2 Wirbellose Tiere : Annelida bis Chaetognatha
852 ## - Местоположение
Форматна сигнатура Цб ІІ 3279
856 4# - Електронен адрес и достъп
Електронен формат pdf - файл
856 4# - Електронен адрес и достъп
Електронен формат pdf - файл
999 ## - СИСТЕМНИ КОНТРОЛНИ НОМЕРА
Koha biblionumber 60998
Koha biblioitemnumber 60998
942 ## - АРТИКУЛИ
Вид на библиотечния материал Книги
Скрит в OPAC Не
Периодичен библиозапис Да
944 ## - СЪЗДАВАНЕ И РЕДАКЦИЯ на ЗАПИСА
Създаване/Редакция Създаване
Дата на регистрацията/редакция 13.06.2004
Служител, извършил регистрацията/редакцията Читалня
944 ## - СЪЗДАВАНЕ И РЕДАКЦИЯ на ЗАПИСА
Създаване/Редакция Редакция
Дата на регистрацията/редакция 2021-02-02
Служител, извършил регистрацията/редакцията ГГГ
999 ## - СИСТЕМНИ КОНТРОЛНИ НОМЕРА
Koha biblioitemnumber 60998
999 ## - СИСТЕМНИ КОНТРОЛНИ НОМЕРА
Koha biblioitemnumber 60998
999 ## - СИСТЕМНИ КОНТРОЛНИ НОМЕРА
Koha biblioitemnumber 60998
Наличности
Код за отписване Код за изгубен артикул Източник на класификационната схема Код за повреда Код за отдаване Артикулен № Име на библиотеката - собственик Име на библиотеката, в която се намира в момента Статус (Текущо местоположение) Дата на вписване в системата Местоположение - отдел Цена в лева Инвентарен номер Систематично азбучна сигнатура Баркод Номер на екземпляра Цена в евро Служебна бележка Служебен тип на артикула Коз за рестрикции
Изтеглен Не е изгубен Universal Decimal Classification Не е повреден ползва се в читалня 100629 Регионална библиотека "Любен Каравелов" Русе Регионална библиотека "Любен Каравелов" Русе Основен фонд - ползва се само за читалня 1993-01-01 Хранилище 0.00 127126 Цб ІІ 3279 127126 1 0.00 Дата инв: 17.03.2017 Бележки инв: Ч2017 Книги  
  Не е изгубен Universal Decimal Classification Не е повреден ползва се в читалня 810397 Регионална библиотека "Любен Каравелов" Русе Регионална библиотека "Любен Каравелов" Русе Хранилище 2021-02-03 Основен фонд - ползва се само за читалня 6.62 129101 Цб ІІ 3279 120000129101   3.38   Книги само за читалня
Vip Innovations Ltd, Rousse, Bulgaria 2025